| 000 | 00355 a2200157 4500 | ||
|---|---|---|---|
| 001 | 65486 | ||
| 020 | _a9562998134 | ||
| 040 | _cAnchieta - Pituba | ||
| 100 | _aGonzález-Pagliere, Eugenio Hughes | ||
| 240 | 1 | 0 |
_aDescubriendo Chile _lspa |
| 245 | 1 | 0 | _aDescubriendo Chile |
| 300 | _a90 | ||
| 362 | 0 | _a2005 | |
| 650 | 4 | _aGeografia e viagens | |
| 942 | _cBK | ||
| 999 |
_c65486 _d65486 |
||